Métiers : Citation lettre à lettre - Statistiques

Statistiques générales
  • Ce quiz a été pris 205 fois
  • Le résultat moyen est 18 sur 60
Statistiques - réponses
Lettre Réponse % Correct
L Porte les colis Livreur
79%
E Donne des soins de beauté Esthéticienne
73%
M Monte des murs Maçon
72%
C Coupe les cheveux Coiffeur
71%
D Médecin Docteur
66%
A Comédien Acteur
60%
P Soldat du feu Pompier
59%
F Distribue les plis Facteur
56%
I Enseignant du primaire Instituteur
56%
S Aide aux naissances Sage femme
54%
C Soigne le coeur Cardiologue
53%
T Coiffe les chiens Toiletteur
51%
I Soignant Infirmier
49%
R Chauffeur de camion Routier
48%
A Cultivateur Agriculteur
47%
E Professeur Enseignant
47%
E Coach Entraineur
47%
U Médecin du SAMU Urgentiste
47%
O Elève des huitres Ostréiculteur
44%
T Coupe les vêtements Tailleur
42%
R Cinéaste Réalisateur
38%
C Vend du porc Charcutier
35%
E Spécialiste du bois Ebéniste
35%
E James Bond Espion
35%
S Pion Surveillant
34%
V Remplace les carreaux Vitrier
33%
A Travaille de ses mains Artisan
31%
N Garde d'enfants Nourrice
31%
N Surveille l'alimentation Nutritionniste
29%
S Assistante Secrétaire
25%
E Etudie les peuples Ethnologue
24%
R Nettoyeur de conduits Ramoneur
24%
N Conçoit les parfums Nez
23%
D Elu Député
22%
U Aménage les villes Urbaniste
22%
O Militaire gradé Officier
21%
E Détective Enquêteur
20%
S Créateur Styliste
20%
L Fabricant de violons Luthier
19%
E Spécialiste des hormones Endocrinologue
18%
I Dessinateur Illustrateur
18%
M Juge Magistrat
18%
T Colore les tissus Teinturier
17%
A Diplomate Ambassadeur
14%
E Coupe les arbres Elagueur
13%
O Crée des bijoux Orfèvre
13%
U Prête cher Usurier
13%
T Travaille dans la finance Trader
12%
S Fabrique et pose des fermetures Serrurier
11%
N Marin Navigateur
7%
E Il sait compter Expert-comptable
6%
N Officier public Notaire
5%
R Guérisseur Rebouteux
5%
I Travaille irrégulièrement Intermittent
3%
N Marchand Négociant
3%
E Met en valeur les gravures Encadreur
2%
L Paysan d'autrefois Laboureur
2%
Citation Le métier de croque mort n'a aucun avenir Les clients ne sont pas fidèles
2%
Q Vend des ustensiles pour la maison Quincaillier
2%
L Domestique Laquais
1%
Aucun quiz correspondant
Distribution des résultats
% des personnes avec chaque résultat
Percentile par nombre de réponses
Votre historique - résultats
Vous n’avez pas pris ce quiz